Les fruits qu'il est possible d'obtenir dans les jeux Animal Crossing - Statistiques

Statistiques générales
  • Ce quiz a été pris 83 fois
  • Le résultat moyen est 9 sur 12
Statistiques - réponses
Jeu de première apparition Fruits dans Animal Crossing % Correct
Doubutsu no Mori Cerise
99%
Doubutsu no Mori Poire
99%
Doubutsu no Mori Pomme
99%
Doubutsu no Mori Pêche
95%
New Leaf Banane
90%
Animal Crossing Noix de coco
86%
Doubutsu no Mori Orange
85%
New Leaf Durian
58%
New Leaf Mangue
44%
New Leaf Litchi
42%
New Leaf Citron
40%
New Leaf Kaki
34%
Aucun quiz correspondant
Distribution des résultats
% des personnes avec chaque résultat
Percentile par nombre de réponses
Votre historique - résultats
Vous n’avez pas pris ce quiz